Statistiques concernant Personnalités françaises

Cliquez ici pour prendre le quiz!

Statistiques générales

  • Ce quiz a été pris 154 fois
    (149 depuis la dernière actualisation)
  • Le résultat moyen est 6 sur 20

Statistiques - réponses

Réponse% Correct
Claire Chazal
88%
Thomas Pesquet
77%
Najat Vallaud-Belkacem
60%
Marcel Desailly
59%
Henri Salvador
55%
Florence Arthaud
36%
Saint Louis
27%
Charb
21%
Gisèle Halimi
21%
Antoine Lavoisier
20%
Marquise de Pompadour
20%
Louise Michel
18%
Sarah Bernhardt
16%
Chevalier Bayard
7%
Jean-François Champollion
7%
Jean Renoir
7%
Niki de Saint Phalle
5%
Louise Labé
4%
Esther Duflo
3%
Pierre Boulez
3%

Distribution des résultats

Percentile par nombre de réponses

% des personnes avec chaque résultat

Votre développement - résultats

Vous n’avez pas pris ce quiz depuis la dernière actualisation